| 000 | 01886nam a2200253 a 4500 | ||
|---|---|---|---|
| 001 | 000043510 | ||
| 005 | 20250219170734.0 | ||
| 008 | 140320s2014 dr ad 000 0 spa d | ||
| 020 | _a9789945888744 | ||
| 040 |
_aDO-SdBNP _bspa _cBNPHU |
||
| 082 |
_a338.187293 _bR426s |
||
| 110 | 1 |
_aRepública Dominicana. _bMinisterio de Economía, Planificación y Desarrollo _966142 |
|
| 245 | 1 | 0 |
_aSoberanía alimentaria : _breforma agraria, biotecnología, leche y exportaciones agrícolas / _ceditor Roberto E. Liz. |
| 260 |
_aSanto Domingo : _bFondo para el Fomento de la Investigación Económica, _c2014. |
||
| 300 |
_a416 p. : _bil., gráfcs. ; _c26 cm. |
||
| 505 | 0 |
_tDiseño de un plan de manejo post-cosecha de tres productos agrícolas competitivos: café, aguacate y mango en las provincias Peravia y San José de Ocoa / _rInstituto para la Cultura y la Autogestión Popular de la región noroeste (INCAP) -- _tSostenibilidad alimentaria y producción lechera en el marco de la soberanía alimentaria: análisis del caso dominicano / _rJoel Arboleda y Celeste Solano, Fundación Internacional Veterinarios sin Fronteras -- _tViabilidad de los asentamientos de reforma agraria en la República Dominicana / _rFátima Portorreal Liriano, Fundación Internacional Veterinarios sin Fronteras -- _tEfecto económico y social de la biotecnología en la producción de yautía coco (colocasia esculenta) en la República Dominicana / _rInstituto de Innovación en biotecnología e industria (IIBI). |
|
| 590 | _aInventariado,2018/DG | ||
| 650 | 4 |
_aAgricultura y estado _zRepública Dominicana _99297 |
|
| 650 | 4 |
_aInnovaciones agrícolas _zRepública Dominicana _937047 |
|
| 650 | 4 |
_aReforma agraría _zRepública Dominicana _97284 |
|
| 650 | 4 |
_aAgricultura _xAspectos económicos _zRepública Dominicana _91508 |
|
| 700 | 1 |
_aLiz, Roberto E., _eed. _937488 |
|
| 910 | _aValidado. Control de calidad EMS | ||
| 999 |
_c42999 _d42999 |
||